000 00566nam a2200181 a 4500
003 PILC
005 20150112093430.0
008 100716s19uu xx 00 eng d
020 _a0136717446
050 _aHF 1379
_b.N415 2000
082 _aEITSF 382
_bN31 2000
100 _aNeipert, David M.
_99920
245 _aA tour of international trade /
_cDavid M. Neipert.
260 _aNew Jersey :
_bPrentice-Hall, Inc,
_c2000.
300 _a202 pages :
_billustration ;
_c26 cm.
650 _aInternational trade
_xInternational trade - finance
_99921
942 _2lcc
_cBK
999 _c14346
_d14346